| 000 -CABECERA |
| fixed length control field |
02586nam a22003137a 4500 |
| 003 - IDENTIFICADOR DEL NÚMERO DE CONTROL |
| control field |
AR-CdUCM |
| 008 - DATOS DE LONGITUD FIJA--INFORMACIÓN GENERAL |
| fixed length control field |
190425b ||||| |||| 00| 0 spa d |
| 040 ## - FUENTE DE LA CATALOGACIÓN |
| Agencia/entidad que catalogó originalmente la obra |
MUNICIPALIDAD PROVINCIAL DEL CUSCO |
| Entidad que transcribió la catalogación |
BIBLIOTECA MUNICIPAL DEL CUSCO |
| 082 ## - NÚMERO DE LA CLASIFICACIÓN DECIMAL DEWEY |
| No. de Clasificación |
Rev.Univ/N°71/1936 |
| Notacion interna |
Rev.Univ/N°71/1936 |
| 110 ## - ENTRADA PRINCIPAL--NOMBRE DE ENTIDAD CORPORATIVA |
| Nombre de la institución, jurisdicción como entrada principal |
Universidad Nacional de San Antonio Abad del Cusco |
| 9 (RLIN) |
15942 |
| 245 ## - MENCIÓN DE TÍTULO |
| Título |
Revista Universitaria : |
| Resto del título |
Órgano de la Universidad del Cuzco / |
| 260 ## - PUBLICACIÓN, DISTRIBUCIÓN, ETC. |
| Lugar de publicación, distribución, etc. |
Cusco : |
| Nombre de la editorial, distribuidor, etc. |
H. G. Rozas, |
| Fecha de publicación, distribución, etc. |
1936. |
| 300 ## - DESCRIPCIÓN FÍSICA |
| Nº de Páginas Extensión |
204 páginas. : |
| Dimensiones |
20 cm. |
| 440 ## - MENCIÓN DE SERIE/PUNTO DE ACCESO ADICIONAL--TÍTULO |
| Título |
Revista Universitaria |
| Número de la parte/sección de una obra |
Año XXV, 2° semestre 1936, N°71 |
| 9 (RLIN) |
45884 |
| 505 ## - NOTA DE CONTENIDO CON FORMATO |
| Nota de contenido formateada |
Contenido: Antigüedad del Cuzco. Conferencia sustentada en el Instituto Arqueológico del Cusco. Víctor M. Guillén -- Nuestros poetas los románticos peruanos. Alfredo Yépez Miranda -- El congreso Internacional de los Periodistas, Ensayistas, Novelistas. P.E.N. Clubs. José Gabriel Cosio -- La música incaica no es pentafónica. Miguel Garcés B. -- Objeto de las mochetas. Mario Cuba Boza. -- Conmemorando la Confederación Perú Boliviana. Julio C. Guerrero. -- La Confederación como potencia. J. M. Valega. -- El Mariscal D. Andrés Santa Cruz. -- La gran confederación de los andes Perú, Bolivia y Chile unidos. Alfredo Yépez Miranda. -- ¿Por qué se desmembró el Perú?. Pastor Ordoñez. -- Primer centenario de la Confederación Perú boliviana. Jorge Cornejo Bouroncle -- El General don Ramón Herrera prócer de la independencia americana i gran caudillo del Sub Perú. Julián Santisteban Ochoa. -- El Congreso de Sicuani 17 de marzo de 1836. Julián Santisteban Ochoa. -- Acercamiento Perú boliviano. -- Informe de la excursión efectuada con los estudiantes del IV año de la Facultad de Ciencias al valle de Paucartambo del 19 al 26 de julio. Cesar Vargas. -- Algunos datos sobre fitogeografía del Cusco. Víctor M. Pilares Polo E. -- Contribución al estudio de la flora peruana. Cesar Vargas. -- El patronato de condenados i menores. Francisco Ponce de León. -- Crónica Universitaria.<br/> |
| 650 ## - PUNTO DE ACCESO ADICIONAL DE MATERIA--TÉRMINO DE MATERIA |
| Descriptor |
Historia del Cusco |
| 9 (RLIN) |
1714 |
| 650 ## - PUNTO DE ACCESO ADICIONAL DE MATERIA--TÉRMINO DE MATERIA |
| Descriptor |
Música Inka |
| 9 (RLIN) |
45848 |
| 650 ## - PUNTO DE ACCESO ADICIONAL DE MATERIA--TÉRMINO DE MATERIA |
| Descriptor |
Confederación Perú Bolivia |
| 9 (RLIN) |
41831 |
| 650 ## - PUNTO DE ACCESO ADICIONAL DE MATERIA--TÉRMINO DE MATERIA |
| Descriptor |
Casa de la Confederación |
| 9 (RLIN) |
45885 |
| 650 ## - PUNTO DE ACCESO ADICIONAL DE MATERIA--TÉRMINO DE MATERIA |
| Descriptor |
Botánica cusqueña |
| 9 (RLIN) |
45807 |
| 700 ## - PUNTO DE ACCESO ADICIONAL--NOMBRE DE PERSONA |
| Nombre Personal |
Yépez Miranda, Alfredo |
| 9 (RLIN) |
4230 |
| 700 ## - PUNTO DE ACCESO ADICIONAL--NOMBRE DE PERSONA |
| Nombre Personal |
Ponce de León, Francisco |
| 9 (RLIN) |
29819 |
| 700 ## - PUNTO DE ACCESO ADICIONAL--NOMBRE DE PERSONA |
| Nombre Personal |
Cosio, José Gabriel |
| 9 (RLIN) |
11720 |
| 700 ## - PUNTO DE ACCESO ADICIONAL--NOMBRE DE PERSONA |
| Nombre Personal |
Vargas, César |
| 9 (RLIN) |
45886 |
| 700 ## - PUNTO DE ACCESO ADICIONAL--NOMBRE DE PERSONA |
| Nombre Personal |
Pilares Polo, Víctor M |
| 9 (RLIN) |
45887 |
| 710 ## - PUNTO DE ACCESO ADICIONAL--NOMBRE DE ENTIDAD CORPORATIVA |
| Nombre corporativo (En letras Mayúsculas) |
Universidad Nacional de San Antonio Abad del Cusco |
| 9 (RLIN) |
15942 |
| 942 ## - ELEMENTOS DE PUNTO DE ACCESO ADICIONAL (KOHA) |
| Fuente de clasificación |
|
| Tipo de item |
Revistas cusqueñas |
| 945 ## - PROCESAMIENTO DE INFORMACIÓN LOCAL (OCLC) |
| Catalogador |
rac |